000 00325nam a2200145Ia 4500
008 220923s9999 xx 000 0 und d
082 _bMOD
100 _aMODAK, ANOOPAM
245 0 _aSUPREME COURT O CONSUMERISM
250 _a1ST
260 _c2013
300 _a260
650 _aConsumer Protection Law
942 _cBK
999 _c195432
_d195432